Ladle in a Golden Bowl: Translation of Tulu Poems (Record no. 120818)
[ view plain ]
| 000 -LEADER | |
|---|---|
| fixed length control field | 00739nam a2200241Ia 4500 |
| 003 - CONTROL NUMBER IDENTIFIER | |
| control field | OSt |
| 005 - DATE AND TIME OF LATEST TRANSACTION | |
| control field | 20230515162648.0 |
| 008 - FIXED-LENGTH DATA ELEMENTS--GENERAL INFORMATION | |
| fixed length control field | 210210b2017 xxu||||| |||| 00| 0 eng d |
| 040 ## - CATALOGING SOURCE | |
| Transcribing agency | AL |
| 041 ## - LANGUAGE CODE | |
| Language code of text/sound track or separate title | eng |
| 082 ## - DEWEY DECIMAL CLASSIFICATION NUMBER | |
| Classification number | 23 |
| Edition number | 820.108 |
| Item number | RAOL |
| 100 ## - MAIN ENTRY--PERSONAL NAME | |
| Personal name | B Surendra Rao; K Chinnappa Gowda Tr |
| 9 (RLIN) | 1500 |
| 245 ## - TITLE STATEMENT | |
| Title | Ladle in a Golden Bowl: Translation of Tulu Poems |
| 260 ## - PUBLICATION, DISTRIBUTION, ETC. | |
| Place of publication, distribution, etc. | Mangaluru |
| Name of publisher, distributor, etc. | Akrati Ashaya Pablications |
| Date of publication, distribution, etc. | 2017 |
| 300 ## - PHYSICAL DESCRIPTION | |
| Extent | 223 p. |
| Other physical details | HB |
| Dimensions | 22x15 cm. |
| 365 ## - TRADE PRICE | |
| Price amount | 318.75 |
| Currency code | ₹ |
| Unit of pricing | 375.00 |
| Price note | 15% |
| Price effective from | 11-10-2021 |
| 650 ## - SUBJECT ADDED ENTRY--TOPICAL TERM | |
| Topical term or geographic name entry element | Tulu Poems Tr in English |
| 9 (RLIN) | 1501 |
| 650 ## - SUBJECT ADDED ENTRY--TOPICAL TERM | |
| Source of heading or term | Indian English Poetry |
| 690 ## - LOCAL SUBJECT ADDED ENTRY--TOPICAL TERM (OCLC, RLIN) | |
| Topical term or geographic name as entry element | English Literature |
| 9 (RLIN) | 1503 |
| 700 ## - ADDED ENTRY--PERSONAL NAME | |
| Personal name | RAO (B Surendra);GOWDA (Chinnappa K) Tr |
| 9 (RLIN) | 1504 |
| 906 ## - LOCAL DATA ELEMENT F, LDF (RLIN) | |
| a | 071427 |
| 942 ## - ADDED ENTRY ELEMENTS (KOHA) | |
| Source of classification or shelving scheme | Dewey Decimal Classification |
| Koha item type | Book |
| Withdrawn status | Lost status | Source of classification or shelving scheme | Damaged status | Not for loan | Collection code | Home library | Current library | Date acquired | Source of acquisition | Cost, normal purchase price | Total Checkouts | Full call number | Barcode | Date last seen | Price effective from | Koha item type | Total Renewals | Date due | Date last checked out | Cost, replacement price |
|---|---|---|---|---|---|---|---|---|---|---|---|---|---|---|---|---|---|---|---|---|
| Dewey Decimal Classification | English | St Aloysius Library | St Aloysius Library | 02/17/2021 | Navakarnataka Publication Pvt Ltd., Mangalore. | 375.00 | 820.108 RAOL | 071427 | 02/17/2021 | 02/17/2021 | Book | |||||||||
| Dewey Decimal Classification | English | St Aloysius Library | St Aloysius Library | 10/21/2021 | Dr K Chinnappa Gowda, Asaigoli, Mangaluru-574199 | 318.75 | 2 | 820.108 RAOL | 075042 | 04/05/2025 | 10/21/2021 | Book | 1 | 06/18/2025 | 04/05/2025 | 375.00 |